Scritti in onore di Edoardo Ghera Tomo II

Bibliographic Details
Format: eBook
Language:Italian
Published: Bari : Cacucci Editore, 2008
Subjects:
Online Access:http://www.vlex.com/source/6811

MARC

LEADER 00000nam a22000007a 4500
005 20130214180044.0
007 cr|||| ||||
008 130214e2008 it |||||s|||| 00| 0 ita d
020 |a 8884227801 
035 |a 6811 
040 |a vLex 
090 |c 3636  |d 3636 
245 0 0 |a Scritti in onore di Edoardo Ghera  |b Tomo II  |h [Recurso electrn̤ico]  
256 |a Servicio en ln̕ea 
260 |a Bari :   |b Cacucci Editore,   |c 2008 
300 |a 1 Recurso electrn̤ico 
650 0 4 |a Historia del Derecho 
740 |a vLex Libros (Servicio en ln̕ea) 
856 |a Acceso restringido  |u http://www.vlex.com/source/6811 
942 |c BOOK 
999 0 |a Law